| 000 | 00804nam a22001937a 4500 | ||
|---|---|---|---|
| 003 | AM-YeHGA | ||
| 040 | _aAM-YeHGA | ||
| 090 | _c426002 | ||
| 005 | 20250617154957.0 | ||
| 008 | 190620b ||||| |||| 00| 0 rus d | ||
| 041 | 0 | _arus | |
| 100 | 1 | _aАндреевский, Владимир Михайлович | |
| 245 | 1 | 0 |
_aЕгипет : _b Александрия. Каир, его окрестности, Саккара и берега Нила до первых порогов / _cВ. Андреевский. |
| 250 | _a2-е изд. | ||
| 260 |
_aСанкт-Петербург : _bТип. М.М. Стасюлевича, _c1886 |
||
| 300 |
_a521 с., [14] л. ил., карт., план.; _bил. |
||
| 653 | 0 | _aПутешествия и экспедиции - Египет | |
| 942 |
_2udc _cBK |
||
| 999 |
_c423555 _d423555 |
||